Televize nemá okurkovou sezónu

Podrobná bibliografia
Hlavný autor: (ak) (Autor)
Médium: Článok
Jazyk:slovenčina
čeština
Predmet:

MARC

LEADER 00000nab a2200000 ar4500
001 vtls009151998
003 SK-MaSNL
005 20260303063943.0
008 070827c19760714xo |r|p|||||||000 b|slo
015 |a SNBRB2007/08  |2 snkbucl 
038 |a SNKBUCL 
040 |a SNKBUCL  |b cze  |c SNKBUCL  |e AACR2 
041 |a cze 
044 |a xo  |c SK 
080 |a 7.097  |2 1997 
100 0 |a (ak)  |4 aut  |9 848667 
245 1 0 |a Televize nemá okurkovou sezónu  |c [autor] (ak) 
630 0 7 |a Na priamej linke (televízna inscenácia)  |2 snkbucl  |9 1061167 
655 7 |a recenzie  |2 snkbucl  |9 21907 
773 0 |t Lidová demokracie  |g (14.7.1976), s. 5 
852 |a SNK  |b KIS3GCP 
958 |a RC 
999 |c 1745113  |d 1747043